[Event "Montcalm I 2006-07"]
[Site "Quebec CAN"]
[Date "2006.09.07"]
[Round "1"]
[White "Bourassa, Andre"]
[Black "Auger, Bertrand"]
[Result "1/2-1/2"]
[WhiteElo "1732"]
[BlackElo "2041"]
[PlyCount "79"]
[EventDate "2006.09.07"]
[EventType "swiss"]
[EventRounds "5"]
[EventCountry "CAN"]

1. d4 e6 2. c4 Nf6 3. Bg5 Bb4+ 4. Nd2 O-O 5. Ngf3 d5 6. e3 c5 7. a3 Bxd2+ 8.
Qxd2 cxd4 9. Qxd4 Nc6 10. Qd2 Ne4 11. Bxd8 Nxd2 12. Nxd2 Rxd8 13. cxd5 exd5 14.
Rc1 d4 15. e4 Re8 16. Bd3 Ne5 17. Bb5 Re7 18. Nb3 a6 19. Be2 d3 20. Bd1 Be6 21.
Nd2 b5 22. b3 Rd8 23. f3 f5 24. O-O f4 25. Rc5 Bf7 26. Nb1 Rdd7 27. Rc8+ Re8
28. Rxe8+ Bxe8 29. Nc3 Bf7 30. Kf2 g5 31. Ke1 Nc6 32. Rf2 Ne5 33. Rb2 Kf8 34.
Kd2 Ke7 35. Rb1 Rd6 36. Rc1 Kd7 37. Na2 Rc6 38. Rxc6 Kxc6 39. Nc1 a5 40. Nxd3
1/2-1/2

[Event "Montcalm I 2006-07"]
[Site "Quebec CAN"]
[Date "2006.09.07"]
[Round "1"]
[White "Cummins, Paul"]
[Black "Berube, Antoine"]
[Result "0-1"]
[WhiteElo "1748"]
[BlackElo "2216"]
[PlyCount "54"]
[EventDate "2006.09.07"]
[EventType "swiss"]
[EventRounds "5"]
[EventCountry "CAN"]

1. Nf3 d5 2. b3 Nf6 3. g3 c6 4. Bg2 Bg4 5. Ne5 Bf5 6. O-O Nbd7 7. Bb2 e6 8.
Nxd7 Qxd7 9. d4 Bd6 10. Nd2 h5 11. c4 h4 12. Nf3 hxg3 13. fxg3 Ng4 14. Qd2
O-O-O 15. c5 Bb8 16. h3 Nf6 17. g4 Be4 18. Qg5 Qc7 19. Bc1 Rh7 20. b4 Rdh8 21.
Qe5 Qe7 22. Qg5 Rh6 23. Qe3 Rxh3 24. Bxh3 Rxh3 25. Qg5 Rg3+ 26. Kf2 Rxg4 27.
Qd2 Bg3+ 0-1

[Event "Montcalm I 2006-07"]
[Site "Quebec CAN"]
[Date "2006.09.07"]
[Round "1"]
[White "Lessard, Claude"]
[Black "Monga, Alain"]
[Result "1-0"]
[WhiteElo "1951"]
[BlackElo "1688"]
[PlyCount "37"]
[EventDate "2006.09.07"]
[EventType "swiss"]
[EventRounds "5"]
[EventCountry "CAN"]

1. e4 c6 2. d4 d5 3. exd5 cxd5 4. c4 Nf6 5. Nc3 e6 6. g3 Be7 7. Nf3 O-O 8. Bg2
dxc4 9. Qe2 Nbd7 10. Qxc4 Nb6 11. Qe2 Nbd5 12. O-O Qa5 13. Ne5 Bb4 14. Ne4 Nxe4
15. Bxe4 Rd8 16. Bg5 Rf8 17. Qh5 f5 18. Bd3 Bd2 19. Nc4 1-0

[Event "Montcalm I 2006-07"]
[Site "Quebec CAN"]
[Date "2006.09.07"]
[Round "1"]
[White "Sauve, Richard"]
[Black "Perreault, Jacquelin"]
[Result "0-1"]
[WhiteElo "2045"]
[BlackElo "1738"]
[PlyCount "120"]
[EventDate "2006.09.07"]
[EventType "swiss"]
[EventRounds "5"]
[EventCountry "CAN"]

1. d4 f5 2. g3 Nf6 3. Bg2 e6 4. Nf3 b6 5. O-O Bb7 6. c4 Be7 7. Nc3 O-O 8. Bg5
d6 9. Qc2 Nbd7 10. Rfd1 Ne4 11. Bxe7 Qxe7 12. Ne1 Nxc3 13. Qxc3 Bxg2 14. Kxg2
f4 15. Nf3 e5 16. dxe5 dxe5 17. e4 fxg3 18. fxg3 Rf6 19. Rf1 Raf8 20. Nd2 Rxf1
21. Rxf1 Rxf1 22. Kxf1 Qd6 23. Ke2 Qd4 24. Qa3 Qg1 25. Nf3 Qg2+ 26. Ke3 Nf6 27.
h3 Qxg3 28. Qxa7 Qf4+ 29. Kf2 Nxe4+ 30. Ke2 Ng3+ 31. Kf2 e4 32. Qa8+ Kf7 33.
Qd5+ Kf6 34. Qd8+ Kg6 35. Qe8+ Kh6 36. Qe6+ g6 37. Qg4 Qxg4 38. hxg4 Nh1+ 39.
Kg2 exf3+ 40. Kxf3 Kg5 41. b4 Kf6 42. a4 Ke5 43. c5 Kd5 44. cxb6 cxb6 45. a5
bxa5 46. bxa5 Kc5 47. Kg2 Kb5 48. Kxh1 Kxa5 49. Kg2 Kb5 50. Kf3 Kc5 51. Ke4 Kd6
52. Kd4 g5 53. Ke4 Ke6 54. Kd4 Kf6 55. Kd5 Kg6 56. Ke4 h5 57. Kf3 h4 58. Ke4
Kf6 59. Kf3 Ke5 60. Ke3 Kd5 0-1

[Event "Montcalm I 2006-07"]
[Site "Quebec CAN"]
[Date "2006.09.14"]
[Round "2"]
[White "Berube, Antoine"]
[Black "Lapierre, Gaetan"]
[Result "1-0"]
[WhiteElo "2216"]
[BlackElo "1844"]
[PlyCount "67"]
[EventDate "2006.09.07"]
[EventType "swiss"]
[EventRounds "5"]
[EventCountry "CAN"]

1. e4 c5 2. Nf3 d6 3. d4 cxd4 4. Nxd4 Nf6 5. Nc3 a6 6. Be3 b5 7. f3 e6 8. Qd2
Be7 9. O-O-O O-O 10. g4 Bb7 11. g5 Nfd7 12. h4 Nc6 13. Nxc6 Bxc6 14. Ne2 d5 15.
Nd4 Bb7 16. exd5 Bxd5 17. Be2 Nb6 18. h5 Nc4 19. Bxc4 bxc4 20. g6 e5 21. h6
fxg6 22. hxg7 Rf7 23. Ne6 Bxe6 24. Qh2 Qxd1+ 25. Kxd1 Rd8+ 26. Kc1 h5 27. Qxe5
Bf5 28. Rd1 Rxd1+ 29. Kxd1 Bf6 30. Qe8+ Kxg7 31. Bh6+ Kxh6 32. Qxf7 Bxb2 33.
Qxc4 Kg5 34. Qc7 1-0

[Event "Montcalm I 2006-07"]
[Site "Quebec CAN"]
[Date "2006.09.14"]
[Round "2"]
[White "Caire, Francois"]
[Black "May, Oliver"]
[Result "1-0"]
[WhiteElo "2256"]
[BlackElo "1726"]
[PlyCount "55"]
[EventDate "2006.09.07"]
[EventType "swiss"]
[EventRounds "5"]
[EventCountry "CAN"]

1. d4 d5 2. Nf3 Bg4 3. Ne5 Be6 4. c4 f6 5. Nf3 dxc4 6. e4 c6 7. Be3 Bf7 8. Qc2
b5 9. b3 cxb3 10. axb3 e6 11. Bd3 Bb4+ 12. Nbd2 Ne7 13. O-O O-O 14. Rfd1 a5 15.
Nf1 Nd7 16. Ng3 Ra6 17. d5 exd5 18. exd5 Bxd5 19. Bxh7+ Kh8 20. Rd4 Ne5 21.
Nxe5 fxe5 22. Rxb4 axb4 23. Rxa6 Bxb3 24. Qxb3 Kxh7 25. Bc5 Qd2 26. Qb1+ Kh8
27. Bxe7 Rxf2 28. Ra8+ 1-0

[Event "Montcalm I 2006-07"]
[Site "Quebec CAN"]
[Date "2006.09.14"]
[Round "2"]
[White "Caron, Sebastien"]
[Black "Plante, Rejean"]
[Result "1/2-1/2"]
[WhiteElo "1922"]
[BlackElo "2193"]
[PlyCount "111"]
[EventDate "2006.09.07"]
[EventType "swiss"]
[EventRounds "5"]
[EventCountry "CAN"]

1. e4 c5 2. Nf3 e6 3. d4 cxd4 4. Nxd4 a6 5. c4 Nf6 6. Bd3 Qc7 7. O-O Bd6 8. Nf3
Nc6 9. Nc3 Ng4 10. h3 h5 11. Qe2 Bc5 12. Be3 Nxe3 13. fxe3 Rh6 14. Rae1 Qg3 15.
Qf2 Qxf2+ 16. Rxf2 Bd6 17. Rd1 Ne5 18. Ne2 b6 19. Nxe5 Bxe5 20. Rdf1 Rf6 21.
Rxf6 Bxf6 22. Nf4 h4 23. b3 Bb7 24. Kf2 Rc8 25. Ne2 Rc5 26. Nd4 Re5 27. Nf3 Ra5
28. a4 d6 29. Rd1 Ke7 30. g3 hxg3+ 31. Kxg3 Rh5 32. h4 Bc6 33. Nd4 Bd7 34. Nf3
g6 35. Be2 Rc5 36. b4 Rc7 37. b5 axb5 38. axb5 Ra7 39. Rd2 Ra3 40. Kf2 Bc8 41.
Bd3 Ra1 42. Ke2 e5 43. Rd1 Rxd1 44. Kxd1 Bg4 45. Be2 Bxf3 46. Bxf3 Bxh4 47. Bg4
Kf6 48. Ke2 Kg5 49. Bd7 Bg3 50. Kf3 Be1 51. Be8 f6 52. Bd7 Bb4 53. Be6 Bc5 54.
Bd7 f5 55. exf5 gxf5 56. e4 1/2-1/2

[Event "Montcalm I 2006-07"]
[Site "Quebec CAN"]
[Date "2006.09.14"]
[Round "2"]
[White "Cournoyer, Dominic"]
[Black "Dumont, Eric"]
[Result "1-0"]
[WhiteElo "1776"]
[BlackElo "1595"]
[PlyCount "87"]
[EventDate "2006.09.07"]
[EventType "swiss"]
[EventRounds "5"]
[EventCountry "CAN"]

1. c4 c5 2. Nf3 Nf6 3. d4 cxd4 4. Nxd4 e5 5. Nf3 Be7 6. Nc3 Nc6 7. g3 d6 8. Bg2
Bf5 9. O-O Qd7 10. Qa4 O-O 11. Rd1 Rfd8 12. b4 Qc8 13. Bb2 a5 14. b5 Nb4 15.
Rac1 Kf8 16. a3 Bc2 17. Rxc2 Nxc2 18. Qxc2 Qxc4 19. Nd2 Qc7 20. Qb3 Qb6 21. Nc4
Qc7 22. Na4 Nd7 23. Rc1 Qb8 24. Nab6 Nc5 25. Qf3 Ra7 26. Nd5 b6 27. Qh5 Kg8 28.
Rc3 Ne6 29. Rf3 Rf8 30. Rc3 Nc5 31. Nce3 Na4 32. Nf5 Bd8 33. Qg4 g6 34. Qxa4
gxf5 35. Rc6 Rb7 36. Qc2 f6 37. Qxf5 Rg7 38. Bc1 Rg6 39. Bf3 Qa7 40. Bh5 Qg7
41. Bxg6 hxg6 42. Qe6+ Kh8 43. Qxd6 Re8 44. Rc8 1-0

[Event "Montcalm I 2006-07"]
[Site "Quebec CAN"]
[Date "2006.09.14"]
[Round "2"]
[White "Dion, Jean-Francois"]
[Black "Lessard, Claude"]
[Result "1/2-1/2"]
[WhiteElo "1880"]
[BlackElo "1951"]
[PlyCount "46"]
[EventDate "2006.09.07"]
[EventType "swiss"]
[EventRounds "5"]
[EventCountry "CAN"]

1. f4 e5 2. fxe5 d6 3. exd6 Bxd6 4. Nf3 Bg4 5. g3 c6 6. d4 Qc7 7. Bg2 Nf6 8.
Qd3 Nbd7 9. Bg5 O-O-O 10. Nbd2 Rhe8 11. O-O-O h6 12. Bxf6 Nxf6 13. e4 Bc5 14.
Rde1 Be6 15. Nb3 Bxb3 16. axb3 Qb6 17. e5 Nd5 18. dxc5 Qa5 19. Qf5+ Kb8 20. c3
Nxc3 21. bxc3 Qa3+ 22. Kc2 Qa2+ 23. Kc1 Qa3+ 1/2-1/2

[Event "Montcalm I 2006-07"]
[Site "Quebec CAN"]
[Date "2006.09.14"]
[Round "2"]
[White "Moisan, Francois"]
[Black "Bourassa, Andre"]
[Result "1/2-1/2"]
[WhiteElo "1796"]
[BlackElo "1732"]
[PlyCount "63"]
[EventDate "2006.09.07"]
[EventType "swiss"]
[EventRounds "5"]
[EventCountry "CAN"]

1. e4 c5 2. Nf3 d6 3. d4 cxd4 4. Nxd4 Nf6 5. Nc3 a6 6. Be2 e5 7. Nb3 Be6 8. Bg5
Nbd7 9. f4 Be7 10. O-O Qb6+ 11. Kh1 Rc8 12. Nd5 Bxd5 13. exd5 Ne4 14. Bxe7 Kxe7
15. Qe1 Rxc2 16. fxe5 Nxe5 17. Qh4+ Nf6 18. Rae1 Rhc8 19. Nd4 Rxb2 20. Nf5+ Kf8
21. Nxg7 Rcc2 22. Qxf6 Rxe2 23. Rc1 Rbc2 24. Rxc2 Rxc2 25. Nf5 Ng6 26. Qg7+ Ke8
27. Qg8+ Kd7 28. Qxf7+ Kc8 29. Nxd6+ Kb8 30. Ne4 Qe3 31. Qf5 Rc1 32. Ng3
1/2-1/2

[Event "Montcalm I 2006-07"]
[Site "Quebec CAN"]
[Date "2006.09.14"]
[Round "2"]
[White "Perreault, Jacquelin"]
[Black "Auger, Bertrand"]
[Result "0-1"]
[WhiteElo "1738"]
[BlackElo "2041"]
[PlyCount "64"]
[EventDate "2006.09.07"]
[EventType "swiss"]
[EventRounds "5"]
[EventCountry "CAN"]

1. e4 e6 2. d4 d5 3. Nd2 Nf6 4. e5 Nfd7 5. Bd3 c5 6. c3 Nc6 7. Ne2 cxd4 8. cxd4
f6 9. Nf4 Nxd4 10. Qh5+ Ke7 11. Ng6+ hxg6 12. exf6+ Nxf6 13. Qxh8 Kf7 14. O-O
e5 15. Nf3 Nxf3+ 16. gxf3 Bf5 17. Bxf5 gxf5 18. Bg5 Qb6 19. Rac1 Rd8 20. Qh3 g6
21. f4 e4 22. Qc3 d4 23. Qc7+ Rd7 24. Qxb6 axb6 25. Rc8 Bd6 26. Rfc1 Nd5 27.
Kf1 Nxf4 28. Bd8 Nd5 29. h3 d3 30. Bg5 f4 31. R8c4 e3 32. a3 Be5 0-1

[Event "Montcalm I 2006-07"]
[Site "Quebec CAN"]
[Date "2006.09.21"]
[Round "3"]
[White "Auger, Bertrand"]
[Black "Dion, Jean-Francois"]
[Result "1-0"]
[WhiteElo "2041"]
[BlackElo "1880"]
[PlyCount "60"]
[EventDate "2006.09.07"]
[EventType "swiss"]
[EventRounds "5"]
[EventCountry "CAN"]

1. Nf3 Nf6 2. g3 g6 3. b4 Bg7 4. Bb2 O-O 5. Bg2 d6 6. c4 Nbd7 7. O-O e5 8. d3
Nh5 9. Qc2 Qe7 10. Nbd2 f5 11. c5 d5 12. c6 Nb6 13. Qc5 Qd6 14. Rac1 bxc6 15.
Qxd6 cxd6 16. Rxc6 Bh6 17. Bc1 Bg7 18. Nb3 Rd8 19. Bg5 Rd7 20. Rfc1 e4 21. Nfd4
Bb7 22. Rc7 Rc8 23. Rxc8+ Nxc8 24. Ne6 Bh8 25. Na5 Nb6 26. Nxb7 Rxb7 27. a4 Rb8
28. a5 Rc8 29. axb6 Rxc1+ 30. Bxc1 axb6 1-0

[Event "Montcalm I 2006-07"]
[Site "Quebec CAN"]
[Date "2006.09.21"]
[Round "3"]
[White "Berube, Antoine"]
[Black "Boulianne, Gabriel"]
[Result "1-0"]
[WhiteElo "2216"]
[BlackElo "1582"]
[PlyCount "59"]
[EventDate "2006.09.07"]
[EventType "swiss"]
[EventRounds "5"]
[EventCountry "CAN"]

1. e4 Nc6 2. Nf3 e5 3. Bb5 a6 4. Ba4 Nf6 5. O-O b5 6. Bb3 Bc5 7. c3 d6 8. d4
exd4 9. cxd4 Bb6 10. h3 h6 11. a4 Na5 12. axb5 axb5 13. e5 dxe5 14. dxe5 Qxd1
15. Bxd1 Nd5 16. Be2 c6 17. Rd1 Be6 18. Rxd5 Bxd5 19. b4 O-O 20. bxa5 Bxa5 21.
Be3 Bb4 22. Bd4 c5 23. Rxa8 Rxa8 24. Bc3 Ra5 25. Nfd2 Kf8 26. f4 Ke7 27. Kf2
Ke6 28. g3 Bxc3 29. Nxc3 c4 30. Bg4+ 1-0

[Event "Montcalm I 2006-07"]
[Site "Quebec CAN"]
[Date "2006.09.21"]
[Round "3"]
[White "Bourassa, Andre"]
[Black "Pelletier, Daniel"]
[Result "1-0"]
[WhiteElo "1732"]
[BlackElo "1250"]
[PlyCount "27"]
[EventDate "2006.09.07"]
[EventType "swiss"]
[EventRounds "5"]
[EventCountry "CAN"]

1. d4 d5 2. c4 Nf6 3. cxd5 Qxd5 4. Nc3 Qd8 5. e4 e6 6. Nf3 Be7 7. Be2 O-O 8. h3
b6 9. d5 exd5 10. e5 Ne8 11. Qxd5 Qxd5 12. Nxd5 Be6 13. Nxe7+ Kh8 14. Ng5 1-0

[Event "Montcalm I 2006-07"]
[Site "Quebec CAN"]
[Date "2006.09.21"]
[Round "3"]
[White "Boutin, Andre"]
[Black "Plante, Rejean"]
[Result "0-1"]
[WhiteElo "1343"]
[BlackElo "2193"]
[PlyCount "42"]
[EventDate "2006.09.07"]
[EventType "swiss"]
[EventRounds "5"]
[EventCountry "CAN"]

1. e4 c5 2. Nc3 a6 3. g3 b5 4. Bg2 Bb7 5. d3 e6 6. Nf3 Nc6 7. O-O Qc7 8. Bf4 d6
9. Re1 Nge7 10. e5 d5 11. d4 cxd4 12. Nxd4 Nxd4 13. Qxd4 Rc8 14. Rac1 Nc6 15.
Qd1 Na5 16. Nxd5 Bxd5 17. Bxd5 Rd8 18. c4 Nxc4 19. b3 Rxd5 20. Qc2 Rc5 21. Be3
Nxe3 0-1

[Event "Montcalm I 2006-07"]
[Site "Quebec CAN"]
[Date "2006.09.21"]
[Round "3"]
[White "Chiffot, Nicolas"]
[Black "Caire, Francois"]
[Result "0-1"]
[WhiteElo "1798"]
[BlackElo "2256"]
[PlyCount "54"]
[EventDate "2006.09.07"]
[EventType "swiss"]
[EventRounds "5"]
[EventCountry "CAN"]

1. d4 Nf6 2. Nf3 e6 3. c4 b6 4. Nc3 Bb7 5. Bg5 Be7 6. Nd2 c5 7. dxc5 bxc5 8.
Bxf6 Bxf6 9. Nde4 Bxe4 10. Nxe4 Bxb2 11. Rb1 Be5 12. g3 f5 13. Nd2 Nc6 14. Bg2
O-O 15. O-O Qc7 16. e3 Rab8 17. Nb3 d6 18. Qd2 Rfd8 19. Rfd1 Rb4 20. Qd3 g6 21.
Rd2 d5 22. Qe2 Rxc4 23. Rbd1 a5 24. Rxd5 exd5 25. Rxd5 Rc3 26. Qd2 Kg7 27. Nxc5
Rxc5 0-1

[Event "Montcalm I 2006-07"]
[Site "Quebec CAN"]
[Date "2006.09.21"]
[Round "3"]
[White "Lessard, Claude"]
[Black "Caron, Sebastien"]
[Result "1-0"]
[WhiteElo "1951"]
[BlackElo "1922"]
[PlyCount "109"]
[EventDate "2006.09.07"]
[EventType "swiss"]
[EventRounds "5"]
[EventCountry "CAN"]

1. d4 c5 2. e3 Nf6 3. Nf3 e6 4. Bd3 Nc6 5. c3 d5 6. O-O Qc7 7. Nbd2 c4 8. Bc2
Bd6 9. e4 dxe4 10. Nxe4 Nxe4 11. Bxe4 f5 12. Bc2 O-O 13. h3 Bd7 14. d5 Ne7 15.
dxe6 Bxe6 16. Re1 Bd5 17. Nd4 a6 18. Nxf5 Nxf5 19. Qxd5+ Qf7 20. Qxf7+ Rxf7 21.
Be4 Kf8 22. Bd5 Rc7 23. g4 Ne7 24. Be4 g6 25. Bh6+ Kg8 26. Rad1 Bc5 27. Bf4
Rcc8 28. Bxb7 Rf8 29. Bxa8 Rxf4 30. Re2 g5 31. Rd7 Kf8 32. Kg2 Ng6 33. Rxh7
Nh4+ 34. Rxh4 gxh4 35. f3 a5 36. Re4 Rxe4 37. Bxe4 Be3 38. Bd5 Bc1 39. b3 cxb3
40. axb3 Ke7 41. Kf2 Kd6 42. c4 Kc5 43. f4 Bxf4 44. Kf3 Bd6 45. g5 Kb4 46. g6
Bf8 47. Kg4 a4 48. bxa4 Kxa4 49. Kxh4 Kb4 50. Kg5 Bg7 51. h4 Kc5 52. h5 Kd6 53.
h6 Bxh6+ 54. Kxh6 Ke7 55. g7 1-0

[Event "Montcalm I 2006-07"]
[Site "Quebec CAN"]
[Date "2006.09.21"]
[Round "3"]
[White "Oliver, Vance"]
[Black "Gagnon, Alain"]
[Result "1-0"]
[WhiteElo "1397"]
[BlackElo "1616"]
[PlyCount "63"]
[EventDate "2006.09.07"]
[EventType "swiss"]
[EventRounds "5"]
[EventCountry "CAN"]

1. e4 c5 2. Nf3 d6 3. g3 Nf6 4. d3 e6 5. Bg2 Be7 6. Nbd2 O-O 7. O-O Nc6 8. Re1
e5 9. h3 h6 10. Nf1 Be6 11. Ne3 Qd7 12. Nf5 Bxf5 13. exf5 Qxf5 14. Nh4 Qd7 15.
c3 Nh7 16. Qh5 Nf6 17. Qf3 Rfe8 18. Nf5 Kh7 19. g4 e4 20. Qe3 Bf8 21. dxe4 Nxe4
22. Bxe4 g6 23. Nxh6 Rxe4 24. Qxe4 Bxh6 25. Bxh6 Kxh6 26. Qf4+ Kg7 27. g5 Qxh3
28. Qf6+ Kg8 29. Re3 Qd7 30. Kg2 Qd8 31. Rh1 Qxf6 32. gxf6 1-0

[Event "Montcalm I 2006-07"]
[Site "Quebec CAN"]
[Date "2006.09.28"]
[Round "4"]
[White "Boulianne, Gabriel"]
[Black "Lapierre, Gaetan"]
[Result "0-1"]
[WhiteElo "1582"]
[BlackElo "1844"]
[PlyCount "90"]
[EventDate "2006.09.07"]
[EventType "swiss"]
[EventRounds "5"]
[EventCountry "CAN"]

1. d4 Nf6 2. c4 g6 3. Nc3 Bg7 4. e4 d6 5. f3 O-O 6. Be3 e5 7. d5 Ne8 8. Nge2 f5
9. Qd2 f4 10. Bf2 c5 11. dxc6 bxc6 12. c5 Qe7 13. cxd6 Qxd6 14. Qxd6 Nxd6 15.
Bc5 Rd8 16. Rd1 Nb7 17. Rxd8+ Nxd8 18. Nc1 Ba6 19. Kf2 Bxf1 20. Rxf1 Na6 21.
Be7 Ne6 22. Rd1 Nd4 23. N1e2 Kf7 24. Ba3 c5 25. b3 Bf8 26. Nc1 Ke6 27. Na4 Nc2
28. Bb2 Ne3 29. Rd2 c4 30. Bc3 Ba3 31. Nb2 cxb3 32. axb3 Rc8 33. Ne2 Nc5 34.
Nc4 Nxc4 35. bxc4 Nb3 36. Rd5 Rxc4 37. Bxe5 Bc5+ 38. Kf1 g5 39. Bg7 a5 40. Rd8
Rc2 41. Nd4+ Nxd4 42. Bxd4 Rd2 43. Ra8 Bxd4 44. Rxa5 Rf2+ 45. Ke1 Bc3+ 0-1

[Event "Montcalm I 2006-07"]
[Site "Quebec CAN"]
[Date "2006.09.28"]
[Round "4"]
[White "Caire, Francois"]
[Black "Lessard, Claude"]
[Result "1-0"]
[WhiteElo "2256"]
[BlackElo "1951"]
[PlyCount "57"]
[EventDate "2006.09.07"]
[EventType "swiss"]
[EventRounds "5"]
[EventCountry "CAN"]

1. Nf3 d5 2. d4 Nf6 3. c4 c6 4. Nc3 e6 5. e3 Nbd7 6. Bd3 dxc4 7. Bxc4 b5 8. Bd3
Bb7 9. a3 a6 10. b4 Bd6 11. Ng5 a5 12. Nge4 Be7 13. Rb1 axb4 14. axb4 e5 15.
O-O O-O 16. Nc5 Nxc5 17. dxc5 Qc7 18. Bb2 Bc8 19. Qf3 Ng4 20. Be4 f5 21. Bxc6
Bg5 22. Qd5+ Kh8 23. Bxa8 e4 24. Qd6 Qf7 25. Bd5 Qe8 26. Bc6 Qf7 27. Bd5 Qe8
28. Ne2 Be7 29. Qc7 1-0

[Event "Montcalm I 2006-07"]
[Site "Quebec CAN"]
[Date "2006.09.28"]
[Round "4"]
[White "Gagnon, Alain"]
[Black "Sauve, Richard"]
[Result "0-1"]
[WhiteElo "1616"]
[BlackElo "2045"]
[PlyCount "72"]
[EventDate "2006.09.07"]
[EventType "swiss"]
[EventRounds "5"]
[EventCountry "CAN"]

1. d4 e6 2. c4 d5 3. Nc3 c6 4. Nf3 dxc4 5. e4 b5 6. a3 Nf6 7. Bg5 Be7 8. Be2
O-O 9. O-O Bb7 10. Qc2 Nbd7 11. Rad1 a6 12. e5 Nd5 13. Ne4 h6 14. Bxe7 Qxe7 15.
Nd6 Rab8 16. g3 c5 17. Nxb7 Rxb7 18. Rfe1 Rd8 19. Bf1 Nf8 20. Bg2 Rbd7 21. dxc5
Qxc5 22. h4 Ne7 23. Rxd7 Rxd7 24. Nh2 Rd3 25. Be4 Rxg3+ 26. Kf1 Rh3 27. Kg2
Rxh4 28. Re3 Neg6 29. Nf3 Rh5 30. Qc3 Nf4+ 31. Kg1 Nd5 32. Bxd5 Qxd5 33. Qe1
Ng6 34. Qd2 Qxd2 35. Nxd2 Rxe5 36. Rxe5 Nxe5 0-1

[Event "Montcalm I 2006-07"]
[Site "Quebec CAN"]
[Date "2006.09.28"]
[Round "4"]
[White "Oliver, Vance"]
[Black "Berube, Antoine"]
[Result "0-1"]
[WhiteElo "1397"]
[BlackElo "2216"]
[PlyCount "72"]
[EventDate "2006.09.07"]
[EventType "swiss"]
[EventRounds "5"]
[EventCountry "CAN"]

1. Nf3 d5 2. g3 Nf6 3. Bg2 c6 4. d3 Bg4 5. c3 Nbd7 6. Bf4 Nh5 7. Bd2 e5 8. h3
Be6 9. Ng5 Bc5 10. e4 Nhf6 11. Nxe6 fxe6 12. O-O O-O 13. b4 Bb6 14. Na3 Qe8 15.
Be3 Bxe3 16. fxe3 Qg6 17. Kh2 Rf7 18. exd5 exd5 19. e4 Raf8 20. Rf5 dxe4 21.
dxe4 Nxe4 22. Bxe4 Rxf5 23. Bxf5 Qxf5 24. Qb3+ Kh8 25. Rg1 e4 26. Nc4 Ne5 27.
Nxe5 Qxe5 28. Qc2 Rf3 29. Qd2 h6 30. c4 Qf6 31. Rg2 Rd3 32. Qe2 Qd4 33. Rf2 Kh7
34. Qf1 Qxc4 35. Re2 Rd2 36. Qf5+ g6 0-1

[Event "Montcalm I 2006-07"]
[Site "Quebec CAN"]
[Date "2006.09.28"]
[Round "4"]
[White "Plante, Rejean"]
[Black "Auger, Bertrand"]
[Result "1/2-1/2"]
[WhiteElo "2193"]
[BlackElo "2041"]
[PlyCount "51"]
[EventDate "2006.09.07"]
[EventType "swiss"]
[EventRounds "5"]
[EventCountry "CAN"]

1. d4 e6 2. c4 Nf6 3. Nf3 b6 4. g3 Bb7 5. Bg2 Be7 6. O-O O-O 7. Nc3 d5 8. Ne5
Nbd7 9. cxd5 Nxd5 10. Nxd5 exd5 11. Nd3 c5 12. b3 Bf6 13. Bb2 cxd4 14. Nf4 d3
15. Nxd3 Bxb2 16. Nxb2 Qf6 17. Nd3 Rad8 18. Rc1 Qd6 19. Nf4 Nc5 20. Rc2 Ne6 21.
Nxd5 Bxd5 22. Rd2 Bxb3 23. Rxd6 Bxd1 24. Rfxd1 Rxd6 25. Rxd6 Rd8 26. Rxd8+
1/2-1/2

[Event "Montcalm I 2006-07"]
[Site "Quebec CAN"]
[Date "2006.10.05"]
[Round "5"]
[White "Berube, Antoine"]
[Black "Caire, Francois"]
[Result "1/2-1/2"]
[WhiteElo "2216"]
[BlackElo "2256"]
[PlyCount "73"]
[EventDate "2006.09.07"]
[EventType "swiss"]
[EventRounds "5"]
[EventCountry "CAN"]

1. e4 c5 2. Nf3 Nc6 3. d4 cxd4 4. Nxd4 Nf6 5. Nc3 e5 6. Ndb5 d6 7. Bg5 a6 8.
Na3 b5 9. Nd5 Be7 10. Bxf6 Bxf6 11. c3 Bg5 12. Nc2 O-O 13. a4 bxa4 14. Rxa4 a5
15. Bb5 Ne7 16. Ncb4 Bh3 17. Nxe7+ Qxe7 18. Nd5 Qb7 19. Bf1 Bd7 20. Ra2 f5 21.
Bc4 Kh8 22. exf5 Bxf5 23. O-O Bg6 24. Qe2 Bf7 25. Rd1 Ra7 26. b3 Qb8 27. Rda1
Bd8 28. Qd3 Bxd5 29. Bxd5 Bb6 30. g3 Qc8 31. Kg2 Qc5 32. f3 Rc7 33. c4 Rf6 34.
Be4 Rcf7 35. Rf1 Qc8 36. Qd5 Rf8 37. Qc6 1/2-1/2

[Event "Montcalm I 2006-07"]
[Site "Quebec CAN"]
[Date "2006.10.05"]
[Round "5"]
[White "Dumont, Eric"]
[Black "Bourassa, Andre"]
[Result "1/2-1/2"]
[WhiteElo "1595"]
[BlackElo "1732"]
[PlyCount "117"]
[EventDate "2006.09.07"]
[EventType "swiss"]
[EventRounds "5"]
[EventCountry "CAN"]

1. f4 d5 2. Nf3 c5 3. c4 d4 4. g3 Nc6 5. Bg2 Qc7 6. d3 e5 7. fxe5 Nxe5 8. Nxe5
Qxe5 9. Bf4 Qe6 10. O-O Bd6 11. Bd5 Qe7 12. Bxd6 Qxd6 13. Bxf7+ Kd8 14. Bd5 Nf6
15. Bg2 Re8 16. Na3 a6 17. Qd2 h6 18. Nc2 Ra7 19. b4 b6 20. Rf4 Rae7 21. bxc5
bxc5 22. Re1 Qb6 23. e4 dxe3 24. Nxe3 Qb4 25. Rd4+ Kc7 26. Qxb4 cxb4 27. Be4
Be6 28. Nc2 a5 29. Bg6 Rb8 30. Re5 Ra8 31. Bf5 Ra6 32. Rf4 Kd7 33. d4 Bxf5 34.
Rxe7+ Kxe7 35. Rxf5 Rc6 36. Re5+ Kd6 37. Ne3 Ra6 38. Nf5+ Kc7 39. Re7+ Nd7 40.
Rxg7 a4 41. Re7 b3 42. a3 b2 43. Re1 Re6 44. Rb1 Re2 45. Ne3 Rxe3 46. Rxb2 Rxa3
47. Kf2 Rb3 48. Ra2 a3 49. Ke1 Rb1+ 50. Kd2 Rb2+ 51. Rxb2 axb2 52. Kc2 Nb6 53.
Kxb2 Nxc4+ 54. Kc3 Nd6 55. Kd3 Kd7 56. d5 Ke7 57. Ke3 h5 58. Kf4 Kf6 59. h4
1/2-1/2

[Event "Montcalm II 2006-07"]
[Site "Quebec CAN"]
[Date "2006.10.12"]
[Round "1"]
[White "Auger, Bertrand"]
[Black "Lapierre, Gaetan"]
[Result "1/2-1/2"]
[WhiteElo "2050"]
[BlackElo "1860"]
[PlyCount "67"]
[EventDate "2006.10.12"]
[EventType "tourn"]
[EventRounds "5"]
[EventCountry "CAN"]

1. Nf3 c5 2. c4 Nf6 3. g3 b6 4. Bg2 Bb7 5. O-O d6 6. Nc3 g6 7. b3 Bg7 8. Bb2
Ne4 9. Qc2 Nxc3 10. Bxc3 e5 11. Qb2 O-O 12. d3 Nd7 13. e3 f5 14. Nd2 Bxg2 15.
Kxg2 Qe7 16. f4 exf4 17. Bxg7 f3+ 18. Rxf3 Qxg7 19. Qxg7+ Kxg7 20. d4 Rae8 21.
Raf1 Nf6 22. h3 h5 23. Rd1 Nh7 24. Nf1 Ng5 25. Rf2 Ne4 26. Rc2 h4 27. gxh4 Rh8
28. Nd2 Nxd2 29. Rcxd2 Rxh4 30. dxc5 dxc5 31. Rd7+ Kh6 32. R1d3 Rhe4 33. Kf2
R8e7 34. Rd8 1/2-1/2

[Event "Montcalm II 2006-07"]
[Site "Quebec CAN"]
[Date "2006.10.12"]
[Round "1"]
[White "Chiffot, Nicolas"]
[Black "Caron, Sebastien"]
[Result "1-0"]
[WhiteElo "1790"]
[BlackElo "1932"]
[PlyCount "101"]
[EventDate "2006.10.12"]
[EventType "tourn"]
[EventRounds "5"]
[EventCountry "CAN"]

1. d4 c5 2. e3 Nf6 3. Nf3 cxd4 4. exd4 g6 5. Bd3 Bg7 6. O-O Qc7 7. Qe2 e6 8. c3
O-O 9. Nbd2 b6 10. Ne4 Nxe4 11. Bxe4 Bb7 12. h4 Bxe4 13. Qxe4 Qc6 14. Qg4 d6
15. h5 Nd7 16. hxg6 hxg6 17. Bg5 Nf6 18. Qh4 Nh7 19. Rfe1 Qb5 20. Re3 Qf5 21.
Be7 Bf6 22. Bxf6 Qxf6 23. Qh6 Rfe8 24. Nd2 Qg7 25. Qh2 Rad8 26. Nc4 e5 27. dxe5
dxe5 28. Nxe5 f6 29. Nc4 Rxe3 30. Nxe3 f5 31. Qf4 Qe7 32. Re1 Qd6 33. Qc4+ Kg7
34. Rd1 Qe7 35. Rd5 Rxd5 36. Qxd5 Nf6 37. Qd4 Qe4 38. Qxe4 Nxe4 39. f3 Nc5 40.
Kf1 Kf6 41. Ke2 Ke5 42. g3 b5 43. b3 Ne6 44. Nc2 a5 45. Kd3 Kd5 46. Nd4 Nxd4
47. cxd4 g5 48. g4 f4 49. a3 a4 50. b4 Ke6 51. Ke4 1-0